000 03351nam0a2200397 4500
001 RU\NLR\BIBL_A\016229383
005 20230206184036.0
010 _a978-5-6048876-2-2
_9300
021 _aRU
_bКН-П-22-079943
_9КН-П-22-7015
035 _a(NLR Aleph) 016229383
035 _a(RuMoRGB)011369205
090 _a12762729
_c12762729
100 _a20221206d2022 k y0rusy50 ca
101 0 _arus
_deng
102 _aRU
105 _a |||z|||100zy
181 0 _ai3
_baxxe
182 0 _an
200 1 _aПедагогическое образование на современном этапе
_eматериалы научно-практической конференции, г. Ижевск, 17 мая 2022 г.
_fМинистерство просвещения Российской Федерации, Филиал Федерального государственного бюджетного образовательного учреждения высшего образования "Глазовский государственный педагогический институт имени В. Г. Короленко" в г. Ижевске
_gпод редакцией С. Л. Скопкаревой, канд. филол. наук, доцента
203 _aТекст
_bвизуальный
_cнепосредственный
210 _aИжевск
_cШелест
_d2022
215 _a68, [1] с.
_cил., табл.
_d20
300 _aРез. англ.
320 _aБиблиогр. в конце ст.
330 _aВ сборнике "Педагогическое образование на современном этапе" представлены материалы по итогам научно-практической конференции: статьи преподавателей и практических работников, привлекаемых к реализации образовательных программы высшего образования. Материалы сборника соответствуют специфике преподаваемых в вузе учебных дисциплин. Издание адресовано преподавателям высшей школы, педагогическим работникам, магистрантам, аспирантам и всем тем, кто интересуется вопросами современного образования
606 1 _aПедагогика
_jСъезды, совещания и т.п
_9921924
_3RU\NLR\AUTH\6619222
675 _a37.01(082)
_v4
686 1 _aЧ30я431
702 1 _aСкопкарева
_bС. Л.
_gСветлана Леонидовна
_4340
711 1 2 _a"Педагогическое образование на современном этапе", научно-практическая конференция
_eИжевск
_f2022
_9824854
_3RU\NLR\AUTH\880579616
712 0 2 _4557
_aГлазовский государственный педагогический институт им. В. Г. Короленко
_bФилиал
_cИжевск
_9392912
_3RU\NLR\AUTH\880362941
942 _cBOOK
980 _aNB